000 00733cam a22002294a 4500
005 20250605164146.0
008 250528s ||||||||||||||||||||||||d
035 _a19195
020 _a340574259
040 _aGR-AtMCL
_bgre
_dGR-AtMCL
_eAACR2
245 1 _aA Dictionary of Communication and Media Studies / Third Edition
250 _a3rd
260 _c1993
300 _a212
520 _aThis dictionary has been brought completely up-to-date, with over 100 new definitions reflecting the latest theories, research findings and developments in media practice.
700 1 _aEdward Arnold
_9242
700 1 _aHill Anne
_95439
700 1 _aWatson James D
_92278
942 _cBK
999 _c4467
_d4467